Hospodárenie s odpadmi v priemyselnom podniku

Hospodárenie s odpadmi a ich vplyv na životné prostredie. Rozdelenie odpadu podľa jednotlivých hľadísk. Spôsoby zneškodňovania odpadu - recyklácia, spaľovanie odpadov, chemické metódy, biotechnologické metódy spracovania odpadov, skládkovanie. Proces riadenia odpadov v priemyselnom podniku na Sloven...

Ausführliche Beschreibung

Gespeichert in:
Bibliographische Detailangaben
1. Verfasser: Rakovská, Júlia, 1972-
Format: Buchkapitel
Sprache:Slowakisch
Schlagworte:
Tags: Tag hinzufügen
Keine Tags, Fügen Sie das erste Tag hinzu!

MARC

LEADER 00000nla a2200000 4500
001 0228042
005 20240502073745.2
041 0 |a slo 
044 |a SK 
245 1 0 |a Hospodárenie s odpadmi v priemyselnom podniku  |c Júlia Rakovská 
520 |a Hospodárenie s odpadmi a ich vplyv na životné prostredie. Rozdelenie odpadu podľa jednotlivých hľadísk. Spôsoby zneškodňovania odpadu - recyklácia, spaľovanie odpadov, chemické metódy, biotechnologické metódy spracovania odpadov, skládkovanie. Proces riadenia odpadov v priemyselnom podniku na Slovensku. 
610 2 0 |a hospodárstvo odpadové 
610 2 0 |a spracovanie odpadu 
610 2 0 |a podnik priemyselný 
610 2 0 |a politika environmentálna 
100 1 |a Rakovská, Júlia, 1972-